[Event "2022 Zone 4.4 Individual Chess Championship(Open)"]
[Site "Addis Ababa"]
[Date "2022.05.03"]
[Round "2"]
[Board "8"]
[White "Bulcha, Petros Olana"]
[Black "Jimma, Desalegn Fekadu"]
[Result "0-1"]
[WhiteElo "1965"]
[BlackElo "2057"]
[PlyCount "86"]
[EventDate "2022.05.02"]
[EventRounds "9"]
[EventCountry "ETH"]

{[%evp 0,30,29,22,46,66,88,57,57,38,38,31,80,39,66,48,68,50,49,45,52,11,40,-11,
-5,-17,66,63,63,43,40,25,47]} 1. e4 c5 2. Nf3 d6 3. d4 cxd4 4. Nxd4 Nf6 5. Nc3
a6 6. f3 e6 7. Be3 b5 8. Qd2 Bb7 9. a4 b4 10. Na2 d5 11. e5 Nfd7 12. f4 Qa5 13.
Nb3 Qxa4 14. Nac1 Qc6 15. Na5 Qc7 16. Nd3 Be7 17. Nxb4 O-O 18. Nxb7 Qxb7 19.
Nd3 f6 20. Be2 fxe5 21. fxe5 Bh4+ 22. Kd1 Nc6 23. Ra4 Be7 24. Bg4 Nd8 25. b3
Qc6 26. Bd4 Rc8 27. Ra2 Nb7 28. Bf3 Bc5 29. Bxc5 Nbxc5 30. Re1 Nxd3 31. Qxd3
Nc5 32. Qc3 Rc7 33. b4 Qb7 34. Qd4 Nd7 35. Re3 Rfc8 36. Be2 Rc6 37. b5 axb5 38.
Rh3 Rc5 39. Rb2 Qc7 40. Bd3 Nxe5 41. Rxb5 Nxd3 42. Qxd3 Rxb5 43. Qxb5 Qxc2+  0-1

[Event "2022 Zone 4.4 Individual Chess Championship(Open)"]
[Site "Addis Ababa"]
[Date "2022.05.03"]
[Round "2"]
[Board "9"]
[White "Gole, Habtamu Ashenafi"]
[Black "Kenea, Endale Mekonnen"]
[Result "1-0"]
[WhiteElo "2054"]
[BlackElo "1772"]
[PlyCount "73"]
[EventDate "2022.05.02"]
[EventRounds "9"]
[EventCountry "ETH"]

{[%evp 0,37,36,28,35,32,14,-5,4,1,-6,-8,13,2,2,29,32,28,16,11,21,16,104,82,68,
40,47,48,83,97,101,101,101,101,89,113,243,206,211,199]} 1. Nf3 d5 2. d4 e6 3.
g3 c5 4. Bg2 Nf6 5. O-O cxd4 6. Nxd4 Be7 7. c4 O-O 8. cxd5 Nxd5 9. e4 Nf6 10.
Nc3 Na6 11. Be3 e5 12. Ndb5 b6 13. Qe2 Bc5 14. Rfd1 Qe7 15. Nd5 Nxd5 16. exd5
Bd6 17. Rac1 f5 18. Nxd6 Qxd6 19. Rxc8 Raxc8 20. Qxa6 f4 21. Bd2 f3 22. Bxf3
Qf6 23. Bg2 Qxf2+ 24. Kh1 Rc2 25. Qd3 Rxb2 26. d6 e4 27. Bxe4 Rd8 28. Bxh7+ Kh8
29. Be4 a6 30. a4 b5 31. Qd5 Qe2 32. Bf3 Qe8 33. Qd4 Rxd2 34. Rxd2 Rd7 35. Qh4+
Kg8 36. Bd5+ Rf7 37. Qe7  1-0

[Event "2022 Zone 4.4 Individual Chess Championship(Open)"]
[Site "Addis Ababa"]
[Date "2022.05.03"]
[Round "2"]
[Board "10"]
[White "Abera, Aydagnuhem Gezachew"]
[Black "Adam Bouni, Abdi Rahim"]
[Result "1-0"]
[WhiteElo "2097"]
[BlackElo "1322"]
[PlyCount "103"]
[EventDate "2022.05.02"]
[EventRounds "9"]
[EventCountry "ETH"]

{[%evp 0,39,39,39,38,47,73,78,79,59,54,67,74,74,133,123,115,122,119,91,145,117,
102,83,152,147,203,130,149,146,146,146,177,171,196,149,225,233,297,286,286,320]
} 1. e4 e6 2. d4 c6 3. Nf3 d5 4. Nc3 Bb4 5. Bd3 dxe4 6. Bxe4 f5 7. Bd3 Nf6 8.
O-O O-O 9. Bf4 Bd6 10. Qd2 Nd5 11. Be5 h6 12. Rfe1 Re8 13. Nxd5 cxd5 14. Bxd6
Qxd6 15. Bxf5 Rf8 16. Bd3 Nd7 17. Ne5 Nf6 18. Re3 Ne8 19. Rg3 Rf6 20. Ng4 Kf8
21. Nxf6 Nxf6 22. Re1 Bd7 23. a3 Kg8 24. Re5 Kf8 25. Bg6 Rc8 26. Rc3 Rd8 27.
Rf3 Kg8 28. h3 a6 29. g4 Ne4 30. Qb4 Qxb4 31. axb4 Ng5 32. Rfe3 Rf8 33. Kg2 Rf4
34. c3 Ne4 35. Bxe4 dxe4 36. Kg3 g5 37. h4 Rf8 38. hxg5 hxg5 39. R3xe4 Kg7 40.
Rxg5+ Kh6 41. f4 Rf6 42. Re2 Kh7 43. Rh2+ Rh6 44. Rxh6+ Kxh6 45. d5 exd5 46.
Rxd5 Bc6 47. Rd6+ Kg7 48. f5 Kf7 49. Kf4 Ke7 50. Rxc6 bxc6 51. Ke5 Kf7 52. g5
 1-0

[Event "2022 Zone 4.4 Individual Chess Championship(Open)"]
[Site "Addis Ababa"]
[Date "2022.05.03"]
[Round "2"]
[Board "11"]
[White "Altaye, Girum Teklewold"]
[Black "Badene, Habtamu Bayu"]
[Result "0-1"]
[WhiteElo "1984"]
[BlackElo "1963"]
[PlyCount "84"]
[EventDate "2022.05.02"]
[EventRounds "9"]
[EventCountry "ETH"]

1. e4 e5 2. Nf3 Nc6 3. Bb5 a6 4. Ba4 Nf6 5. O-O Be7 6. Re1 d6 7. h3 b5 8. Bb3
Na5 9. c3 Nxb3 10. Qxb3 Be6 11. Qd1 O-O 12. d4 exd4 13. cxd4 d5 14. e5 Nd7 15.
Be3 Rc8 16. Nbd2 c5 17. dxc5 Nxc5 18. Nf1 Bf5 19. Qd2 Be4 20. N1h2 Nd3 21. Red1
Qc7 22. Bd4 Qc2 23. Bc3 Qa4 24. Qe2 b4 25. Bd4 Rc2 26. Rd2 Rfc8 27. b3 Rc1+ 28.
Rxc1 Rxc1+ 29. Nf1 Qb5 30. Rc2 h6 31. Be3 Rxc2 32. Qxc2 Bxf3 33. gxf3 Nxe5 34.
Qc8+ Bf8 35. f4 Nf3+ 36. Kg2 Ne1+ 37. Kg1 d4 38. Bd2 Nf3+ 39. Kg2 Qd5 40. Bxb4
Ne1+ 41. Kg3 Qg2+ 42. Kh4 Nf3+  0-1

[Event "2022 Zone 4.4 Individual Chess Championship(Open)"]
[Site "Addis Ababa"]
[Date "2022.05.03"]
[Round "2"]
[Board "13"]
[White "Yirga, Nigussie Mitiku"]
[Black "Kibrom, Weldegebriel Beraki"]
[Result "1-0"]
[WhiteElo "2019"]
[BlackElo "1820"]
[PlyCount "75"]
[EventDate "2022.05.02"]
[EventRounds "9"]
[EventCountry "ETH"]

1. Nf3 Nf6 2. c4 g6 3. b3 Bg7 4. Bb2 O-O 5. g3 d6 6. Bg2 Re8 7. d3 e5 8. e4 Nc6
9. O-O a6 10. h3 Bd7 11. Nbd2 Qc8 12. Kh2 h6 13. a3 Nh7 14. Rc1 b6 15. b4 Rb8
16. Qc2 a5 17. b5 Nd8 18. d4 f6 19. a4 Ne6 20. Nb3 c5 21. bxc6 Bxc6 22. d5 Bxa4
23. dxe6 Qxe6 24. Qc3 b5 25. Nxa5 Rec8 26. Ra1 Nf8 27. Nd2 Nd7 28. Rfc1 Nc5 29.
Ba3 Na6 30. Rab1 Bf8 31. Bf1 Qd7 32. Qf3 b4 33. Bb2 f5 34. h4 Nc5 35. exf5 Qa7
36. fxg6 Qxa5 37. Qf7+ Kh8 38. Qh7#  1-0

[Event "2022 Zone 4.4 Individual Chess Championship(Open)"]
[Site "Addis Ababa"]
[Date "2022.05.03"]
[Round "2"]
[Board "16"]
[White "Ali Abdullahi, Farah"]
[Black "Asante, Debesai Zerabruk"]
[Result "1-0"]
[WhiteElo "1944"]
[BlackElo "1712"]
[PlyCount "28"]
[EventDate "2022.05.02"]
[EventRounds "9"]
[EventCountry "ETH"]

1. d4 Nf6 2. Nf3 e6 3. e3 c5 4. Be2 b6 5. b3 Be7 6. Bb2 Bb7 7. O-O O-O 8. Nbd2
d6 9. c4 Nbd7 10. Qc2 d5 11. Rad1 Rc8 12. Qb1 Re8 13. Qa1 Bd6 14. cxd5 exd5  1-0

[Event "2022 Zone 4.4 Individual Chess Championship(Open)"]
[Site "Addis Ababa"]
[Date "2022.05.03"]
[Round "2"]
[Board "17"]
[White "Mohamed, Ali Dima"]
[Black "Njoroge, Martin"]
[Result "0-1"]
[WhiteElo "1542"]
[BlackElo "1932"]
[PlyCount "24"]
[EventDate "2022.05.02"]
[EventRounds "9"]
[EventCountry "ETH"]

1. e4 c6 2. d4 d5 3. Nc3 dxe4 4. g3 Nf6 5. Bg2 Bf5 6. Be3 Nbd7 7. Nce2 e6 8. a3
Be7 9. Nc1 O-O 10. h3 h5 11. Nb3 Re8 12. Nd2 e5  0-1

[Event "2022 Zone 4.4 Individual Chess Championship(Open)"]
[Site "Addis Ababa"]
[Date "2022.05.03"]
[Round "3"]
[Board "1"]
[White "Tagelsir, Abubaker"]
[Black "Jimma, Desalegn Fekadu"]
[Result "1-0"]
[WhiteElo "2202"]
[BlackElo "2057"]
[PlyCount "85"]
[EventDate "2022.05.02"]
[EventRounds "9"]
[EventCountry "ETH"]

{[%evp 0,45,19,31,72,49,90,70,70,66,66,28,39,46,10,2,22,3,12,17,10,-49,9,-6,10,
-12,23,12,51,19,29,21,36,32,33,-18,82,-36,112,-91,-91,-91,196,-23,58,64,64,94]
} 1. e4 c5 2. Nc3 d6 3. d4 cxd4 4. Qxd4 Nc6 5. Qd2 e6 6. b3 Nf6 7. Bb2 Be7 8.
O-O-O O-O 9. f4 a6 10. g4 Nxg4 11. Nf3 Nf6 12. Rg1 Ne8 13. Qg2 f6 14. h4 Qa5
15. f5 exf5 16. Bc4+ Kh8 17. Nd5 Qd8 18. Nf4 d5 19. Ng6+ hxg6 20. Qxg6 Be6 21.
Ng5 fxg5 22. Qh6+ Kg8 23. Qxe6+ Kh7 24. exd5 Na5 25. Bd3 Qd6 26. Bxf5+ Rxf5 27.
Qxf5+ Qg6 28. Qxg6+ Kxg6 29. Bc3 b6 30. Rde1 Bd6 31. Re6+ Kf7 32. hxg5 Nb7 33.
g6+ Kg8 34. Re4 Nc5 35. Rh4 Kf8 36. Rf1+ Ke7 37. Rf7+ Kd8 38. Rh8 Nd7 39. Bxg7
Ne5 40. Bxe5 Bxe5 41. g7 Bxg7 42. Rxg7 Rc8 43. d6  1-0

[Event "2022 Zone 4.4 Individual Chess Championship(Open)"]
[Site "Addis Ababa"]
[Date "2022.05.03"]
[Round "3"]
[Board "2"]
[White "Nadir, Samir"]
[Black "Gole, Habtamu Ashenafi"]
[Result "1-0"]
[WhiteElo "2177"]
[BlackElo "2054"]
[PlyCount "145"]
[EventDate "2022.05.02"]
[EventRounds "9"]
[EventCountry "ETH"]

{[%evp 0,39,31,40,57,7,-12,-10,22,-15,34,-24,108,117,118,105,119,120,120,114,
136,120,119,104,104,83,82,79,86,52,78,105,137,87,85,79,78,80,106,58,68,72]} 1.
d4 f5 2. e4 fxe4 3. Nc3 Nf6 4. Bg5 g6 5. h4 h6 6. Bxf6 exf6 7. Qg4 Rg8 8. Qxe4+
Qe7 9. O-O-O Qxe4 10. Nxe4 Bg7 11. Re1 Kd8 12. Bc4 Rf8 13. Nf3 d6 14. Ng3 h5
15. Bd3 f5 16. c3 Bh6+ 17. Kb1 Nd7 18. Ng5 Nf6 19. f3 Bxg5 20. hxg5 Nd5 21. Ne2
c6 22. a3 b5 23. b3 Rb8 24. Kc2 Bd7 25. c4 bxc4 26. bxc4 Ne3+ 27. Kd2 Re8 28.
Nf4 Rb2+ 29. Kc3 Ra2 30. Ra1 Rf2 31. Rhg1 Kc7 32. Rab1 Bc8 33. Rb2 Rxb2 34.
Kxb2 d5 35. c5 Nc4+ 36. Kc3 a5 37. a4 Bd7 38. Ra1 Bc8 39. Ra2 Bd7 40. Re2 Rxe2
41. Bxe2 Be8 42. Bxc4 dxc4 43. Kxc4 Bf7+ 44. d5 cxd5+ 45. Kd4 Kc6 46. g3 Be8
47. Nxd5 Kb7 48. Nf4 Bxa4 49. Nxg6 Be8 50. Nf4 a4 51. Kc4 a3 52. Kb3 Kc6 53.
Nd3 Kd5 54. f4 Kd4 55. Ne5 Kxc5 56. g6 Bxg6 57. Nxg6 Kd5 58. Nh4 Ke4 59. Kxa3
Ke3 60. Kb4 Kf2 61. Nxf5 Kf3 62. Nh4+ Kxg3 63. f5 Kxh4 64. f6 Kg3 65. f7 h4 66.
f8=Q h3 67. Qg7+ Kf2 68. Qh6 Kg2 69. Qg5+ Kh1 70. Qd5+ Kg1 71. Qd4+ Kg2 72.
Qg4+ Kh2 73. Kc3  1-0

[Event "2022 Zone 4.4 Individual Chess Championship(Open)"]
[Site "Addis Ababa"]
[Date "2022.05.03"]
[Round "3"]
[Board "3"]
[White "Mesfin, Leykun"]
[Black "Omar, Abdulrahman"]
[Result "1-0"]
[WhiteElo "2102"]
[BlackElo "2005"]
[PlyCount "62"]
[EventDate "2022.05.02"]
[EventRounds "9"]
[EventCountry "ETH"]

{[%evp 0,31,19,31,34,42,23,17,83,60,50,29,18,17,5,17,20,17,7,-4,6,20,30,-3,20,
5,8,59,30,30,79,75,73,80]} 1. e4 e5 2. Nf3 Nf6 3. Nc3 d6 4. d4 exd4 5. Qxd4 Nc6
6. Bb5 Bd7 7. Bxc6 Bxc6 8. Bf4 Be7 9. O-O-O O-O 10. Rhe1 Nd7 11. Kb1 Bf6 12.
Qd2 Bxc3 13. Qxc3 Qf6 14. Qxf6 gxf6 15. Nd4 Rfe8 16. f3 Ne5 17. b3 Bd7 18. Bc1
Nc6 19. Ne2 f5 20. Nf4 Rac8 21. Bb2 Be6 22. Nh5 h6 23. Nf6+ Kf8 24. exf5 Bxf5
25. f4 Be6 26. g4 Red8 27. f5 Bd7 28. Rd3 Be8 29. Rh3 Ne5 30. Rxh6 Bc6 31. g5
Ke7  1-0

[Event "2022 Zone 4.4 Individual Chess Championship(Open)"]
[Site "Addis Ababa"]
[Date "2022.05.03"]
[Round "3"]
[Board "4"]
[White "Tsige, Addisalem Temesgen"]
[Black "Akmel, Nesru Beshir"]
[Result "1/2-1/2"]
[WhiteElo "2069"]
[BlackElo "1991"]
[PlyCount "75"]
[EventDate "2022.05.02"]
[EventRounds "9"]
[EventCountry "ETH"]

{[%evp 0,42,40,23,15,27,26,29,45,22,48,40,76,78,72,36,24,5,21,10,39,19,16,-14,
-14,-17,-39,-34,2,-7,0,-42,-30,-30,-20,-19,17,12,8,-2,37,33,81,66,66]} 1. d4 d5
2. Bf4 Nf6 3. e3 a6 4. Nc3 g6 5. Nf3 Nbd7 6. Be2 Bg7 7. Ne5 c6 8. h4 h5 9. f3
Nf8 10. Bd3 Ne6 11. Bg3 c5 12. Bf2 cxd4 13. exd4 Nf4 14. Bf1 Bd7 15. Ne2 Ne6
16. c3 Qb6 17. Qb3 Qxb3 18. axb3 Bh6 19. b4 Bb5 20. Nf4 Nxf4 21. Bxb5+ Kf8 22.
g3 Kg7 23. Bf1 Ne6 24. Bh3 Nc7 25. O-O g5 26. Kh2 gxh4 27. gxh4 Bf4+ 28. Bg3
Bxg3+ 29. Kxg3 e6 30. Kh2 Kf8 31. Rg1 Rh7 32. Rg2 Ke7 33. Rag1 Nce8 34. Ra1 Nd6
35. Rgg1 Rg8 36. Rxg8 Nxg8 37. Rg1 Nf6 38. Ra1  1/2-1/2

[Event "2022 Zone 4.4 Individual Chess Championship(Open)"]
[Site "Addis Ababa"]
[Date "2022.05.03"]
[Round "3"]
[Board "5"]
[White "Yousuf Omer, Mahamed"]
[Black "Abera, Aydagnuhem Gezachew"]
[Result "1/2-1/2"]
[WhiteElo "1970"]
[BlackElo "2097"]
[PlyCount "105"]
[EventDate "2022.05.02"]
[EventRounds "9"]
[EventCountry "ETH"]

{[%evp 0,47,34,12,11,-11,45,51,39,12,10,1,31,13,33,33,48,48,38,20,60,50,50,12,
48,39,67,49,55,50,22,25,58,24,24,22,30,37,33,19,15,34,49,15,28,33,98,32,49,40]
} 1. d4 Nf6 2. c4 g6 3. Nf3 Bg7 4. g3 O-O 5. Bg2 d6 6. Nc3 c6 7. O-O Nbd7 8. e4
e5 9. d5 c5 10. a3 h6 11. b4 b6 12. Rb1 Kh7 13. h3 Ba6 14. Qe2 cxb4 15. axb4
Qc7 16. b5 Bb7 17. Be3 Rfc8 18. Nd2 Nc5 19. Rfc1 a5 20. bxa6 Bxa6 21. Nb5 Bxb5
22. Rxb5 Ra5 23. Rcb1 Rxb5 24. Rxb5 Ra8 25. Bxc5 bxc5 26. Nb1 Qa7 27. Qb2 Qa4
28. Rb7 Kg8 29. Qb3 Qxb3 30. Rxb3 Ra4 31. Na3 Rb4 32. Rc3 Kf8 33. Nb5 Ne8 34.
Bf1 Ra4 35. Rb3 Ke7 36. Nc3 Rb4 37. Ra3 Nc7 38. Ra7 Kd8 39. Nb5 Nxb5 40. cxb5
c4 41. Rxf7 c3 42. Rf3 Rb3 43. b6 Kc8 44. Ba6+ Kb8 45. Rf7 Rxb6 46. Bd3 Rb7 47.
Rxb7+ Kxb7 48. Kf1 Kb6 49. Ke2 Kc5 50. f3 Kb4 51. Bc2 Kc4 52. Ba4 Bf6 53. Bc2
 1/2-1/2

[Event "2022 Zone 4.4 Individual Chess Championship(Open)"]
[Site "Addis Ababa"]
[Date "2022.05.03"]
[Round "3"]
[Board "6"]
[White "Badene, Habtamu Bayu"]
[Black "Tolu, Behailu Workneh"]
[Result "1-0"]
[WhiteElo "1963"]
[BlackElo "1869"]
[PlyCount "95"]
[EventDate "2022.05.02"]
[EventRounds "9"]
[EventCountry "ETH"]

{[%evp 0,33,19,31,34,42,20,11,15,-16,-4,-10,4,20,20,-19,-14,-31,6,4,24,3,19,-8,
25,-2,11,5,12,1,30,14,14,31,5,44]} 1. e4 e5 2. Nf3 Nc6 3. Bb5 a6 4. Ba4 Nf6 5.
O-O b5 6. Bb3 Be7 7. Re1 d6 8. c3 Na5 9. Bc2 c5 10. a4 b4 11. d4 Bg4 12. d5 O-O
13. h3 Bh5 14. Nbd2 Rb8 15. c4 Bg6 16. b3 Nh5 17. Nf1 Qd7 18. g4 Nf4 19. Bxf4
exf4 20. e5 Bxc2 21. Qxc2 dxe5 22. Nxe5 Qd6 23. Rad1 Bf6 24. Nf3 Rfe8 25. N1d2
Bc3 26. Kg2 h5 27. Ng5 Qh6 28. Qf5 Qg6 29. Qxg6 fxg6 30. Rxe8+ Rxe8 31. Nge4
Bd4 32. Kf3 Rf8 33. Ng5 Bc3 34. Ne6 Bxd2 35. Nxf8 Kxf8 36. Rxd2 Nxb3 37. Rd1
Nd4+ 38. Ke4 Ke7 39. a5 b3 40. Rb1 hxg4 41. hxg4 Kd6 42. Kd3 f3 43. Kc3 Ke5 44.
Rxb3 Nxb3 45. Kxb3 g5 46. Kc3 Kf6 47. Kd3 Ke5 48. Ke3  1-0

[Event "2022 Zone 4.4 Individual Chess Championship(Open)"]
[Site "Addis Ababa"]
[Date "2022.05.03"]
[Round "3"]
[Board "7"]
[White "Tilahun, Abel Mathewos"]
[Black "Abdelazeez, Mohamed Abdalla"]
[Result "0-1"]
[WhiteElo "1951"]
[BlackElo "2180"]
[PlyCount "108"]
[EventDate "2022.05.02"]
[EventRounds "9"]
[EventCountry "ETH"]

{[%evp 0,35,16,28,27,-16,-21,0,23,33,24,-20,17,-44,-17,-73,10,-14,47,42,38,28,
33,21,13,22,13,8,6,-3,5,-1,15,14,4,15,3,-6]} 1. d4 Nf6 2. c4 e6 3. Nf3 b6 4.
Nc3 Bb7 5. Bg5 h6 6. Bh4 Bb4 7. Qb3 Be7 8. e3 Ne4 9. Bxe7 Qxe7 10. Nxe4 Bxe4
11. Be2 O-O 12. O-O d6 13. Rac1 Nd7 14. Rfd1 f5 15. Nd2 Bb7 16. Bf3 Bxf3 17.
Nxf3 g5 18. Qc2 a5 19. a3 a4 20. Ne1 Qf7 21. Nd3 c5 22. dxc5 bxc5 23. Rd2 Nf6
24. Ne1 Ra6 25. f3 Rb8 26. Rcd1 Qe7 27. Nd3 Rb3 28. Re1 Rab6 29. e4 fxe4 30.
fxe4 e5 31. Rf2 Rb8 32. h3 Nh5 33. Qd1 Nf4 34. Nxf4 gxf4 35. Qg4+ Kh8 36. Qg6
Qg5 37. Qxg5 hxg5 38. Ree2 Kg7 39. Rd2 R8b6 40. Rfe2 Kf6 41. Kf2 Ke6 42. Rc2
Rd3 43. Rcd2 Rbb3 44. Rxd3 Rxd3 45. Rc2 Kf6 46. Re2 g4 47. hxg4 Kg5 48. Ke1 Rd4
49. Rd2 Rxe4+ 50. Kd1 Rd4 51. Rxd4 cxd4 52. Kc2 e4 53. b4 axb3+ 54. Kxb3 f3  0-1

[Event "2022 Zone 4.4 Individual Chess Championship(Open)"]
[Site "Addis Ababa"]
[Date "2022.05.03"]
[Round "3"]
[Board "8"]
[White "Terefe, Melkamu Sewunet"]
[Black "Ahmed, Hassan Ahmed"]
[Result "0-1"]
[WhiteElo "1948"]
[BlackElo "2136"]
[PlyCount "54"]
[EventDate "2022.05.02"]
[EventRounds "9"]
[EventCountry "ETH"]

{[%evp 0,54,23,31,35,36,40,1,14,16,105,62,89,63,91,64,64,4,4,-98,-112,-112,
-112,-112,-122,-168,-115,-126,-122,-248,-217,-217,-150,-223,-223,-216,-174,
-218,-211,-311,-311,-436,-462,-462,-462,-462,-462,-468,-490,-493,-461,-589,
-488,-488,-29996,-29999,-30000]} 1. e4 c5 2. Nf3 Nc6 3. d4 cxd4 4. Nxd4 g6 5.
Be3 Nf6 6. Nc3 Bg7 7. f3 O-O 8. Bc4 Qb6 9. Qd3 Ne5 10. Qe2 Qxb2 11. Kd2 Qb4 12.
Bb3 a6 13. Rab1 Qa5 14. Qf2 Neg4 15. Qe2 e5 16. Bxf7+ Rxf7 17. Nb3 Qd8 18. fxg4
d5 19. Bg5 d4 20. Nd1 Nxe4+ 21. Qxe4 Qxg5+ 22. Ke1 Bxg4 23. h4 Qh5 24. Nc5 Raf8
25. Nxb7 Bh6 26. Nd6 Qxh4+ 27. Rxh4 Rf1#  0-1

[Event "2022 Zone 4.4 Individual Chess Championship(Open)"]
[Site "Addis Ababa"]
[Date "2022.05.03"]
[Round "3"]
[Board "9"]
[White "Ali Abdullahi, Farah"]
[Black "Hamed, Mohamed"]
[Result "1/2-1/2"]
[WhiteElo "1944"]
[BlackElo "2063"]
[PlyCount "77"]
[EventDate "2022.05.02"]
[EventRounds "9"]
[EventCountry "ETH"]

{[%evp 0,43,42,34,94,86,80,58,114,92,93,20,55,19,21,10,17,8,18,10,2,-14,13,0,5,
10,8,-81,-86,-119,-91,-111,-110,-110,-103,-118,-118,-165,-159,-115,-147,-140,
-151,-151,-148,-157]} 1. e4 g6 2. d4 Bg7 3. Nf3 c5 4. c3 Nc6 5. Be3 cxd4 6.
Nxd4 Nf6 7. f3 O-O 8. Be2 d5 9. Nxc6 bxc6 10. Nd2 e5 11. Qa4 Qc7 12. O-O Be6
13. f4 exf4 14. Bxf4 Qb6+ 15. Kh1 Nxe4 16. Nxe4 dxe4 17. Qxe4 Qxb2 18. Bf3 Bd5
19. Qd3 Qxc3 20. Qxc3 Bxc3 21. Rac1 Bg7 22. Rfd1 Bxa2 23. Rxc6 a5 24. Rdd6 Ra7
25. h4 h5 26. Ra6 Rxa6 27. Rxa6 Bc3 28. Bc7 Rc8 29. Bxa5 Be5 30. Ra8 Rxa8 31.
Bxa8 Bg3 32. Bd8 Kg7 33. Bf3 f6 34. Bb6 Bxh4 35. Kh2 Be1 36. g3 Bc3 37. Be2 Be5
38. Kg2 Bf7 39. Bd3  1/2-1/2

[Event "2022 Zone 4.4 Individual Chess Championship(Open)"]
[Site "Addis Ababa"]
[Date "2022.05.03"]
[Round "3"]
[Board "10"]
[White "Njoroge, Martin"]
[Black "Elobeid, Asim Ali"]
[Result "1-0"]
[WhiteElo "1932"]
[BlackElo "2041"]
[PlyCount "155"]
[EventDate "2022.05.02"]
[EventRounds "9"]
[EventCountry "ETH"]

{[%evp 0,53,34,30,28,19,49,43,38,39,38,38,50,2,24,6,32,1,8,-7,-7,-1,-17,-39,
-36,-39,-28,-39,3,-40,-43,-37,-15,-49,-38,-60,-62,-94,-67,-52,-33,-75,-36,-59,
-44,-53,1,-43,-41,-66,-25,-14,5,40,85,25]} 1. d4 Nf6 2. Nf3 g6 3. Bf4 Bg7 4. h3
O-O 5. e3 d6 6. Be2 Nbd7 7. O-O Re8 8. c4 b6 9. Nc3 Bb7 10. Rc1 e5 11. Bh2 exd4
12. Nxd4 Ne4 13. Bf3 f5 14. Nxe4 fxe4 15. Be2 Ne5 16. Rc2 Qe7 17. Nb5 Rf8 18.
Rd2 Rf7 19. Qb3 Kh8 20. Qc2 a5 21. a3 Raf8 22. Bg3 h5 23. b4 axb4 24. axb4 h4
25. Bf4 Kh7 26. Nc3 Nc6 27. Nxe4 Rxf4 28. exf4 Rxf4 29. Nc3 Nxb4 30. Qb3 Qg5
31. Rd5 Nxd5 32. Nxd5 Rd4 33. Rd1 Rxd1+ 34. Qxd1 Be5 35. Bd3 Kg7 36. Qa4 Qc1+
37. Bf1 Bxd5 38. cxd5 Qf4 39. Qd7+ Kh6 40. Bd3 Qh2+ 41. Kf1 Qh1+ 42. Ke2 Qxg2
43. Qe6 Bd4 44. Qf7 Qg5 45. Qf8+ Bg7 46. Qf7 Qf6 47. Qxc7 Qe5+ 48. Kf1 Qxd5 49.
Qc1+ g5 50. Qe3 Be5 51. Be4 Qd4 52. Qf3 Bf4 53. Bd3 d5 54. Qe2 Be5 55. Qf3 Bf4
56. Qe2 Qe5 57. Qa2 Qe6 58. Qa7 Qxh3+ 59. Ke2 Qg4+ 60. Ke1 Qe6+ 61. Kf1 Kh5 62.
Qh7+ Kg4 63. Bf5+ Qxf5 64. f3+ Kxf3 65. Qxf5 d4 66. Qh3+ Ke4 67. Ke2 Be3 68.
Qf3+ Ke5 69. Kd3 b5 70. Qe4+ Kd6 71. Qf5 Kc6 72. Qc8+ Kd5 73. Qc7 Ke6 74. Ke4
Kf6 75. Qc6+ Kf7 76. Kf5 Ke7 77. Qc7+ Ke8 78. Ke6  1-0

[Event "2022 Zone 4.4 Individual Chess Championship(Open)"]
[Site "Addis Ababa"]
[Date "2022.05.03"]
[Round "3"]
[Board "11"]
[White "Abdilahi Salah, Mohamed"]
[Black "Yirga, Nigussie Mitiku"]
[Result "1-0"]
[WhiteElo "1872"]
[BlackElo "2019"]
[PlyCount "81"]
[EventDate "2022.05.02"]
[EventRounds "9"]
[EventCountry "ETH"]

1. e4 e6 2. d4 d5 3. e5 c5 4. c3 Nc6 5. Nf3 Bd7 6. Be2 Nge7 7. Bg5 Qb6 8. Qd2
cxd4 9. cxd4 Nf5 10. Be3 Rc8 11. O-O Nxe3 12. fxe3 Bb4 13. Qd3 Be7 14. Nc3 Na5
15. b3 a6 16. e4 dxe4 17. Nxe4 Bb5 18. Qe3 Bxe2 19. Qxe2 Nc6 20. Rfd1 h6 21.
Kh1 Nb4 22. Rac1 O-O 23. Rc4 Qa5 24. Rdc1 Rc6 25. Rxc6 Nxc6 26. a4 Rd8 27. Rd1
Qd5 28. Qe3 Na5 29. Rd3 Rc8 30. h3 Rc2 31. Nfd2 Nc6 32. Nc4 b5 33. Nb6 Qd8 34.
a5 Bb4 35. Nd6 Bxa5 36. Nbc8 Qc7 37. Qg3 Rc1+ 38. Kh2 Rf1 39. Ne8 Kf8 40. Nxc7
Bxc7 41. Rc3  1-0

[Event "2022 Zone 4.4 Individual Chess Championship(Open)"]
[Site "Addis Ababa"]
[Date "2022.05.03"]
[Round "3"]
[Board "12"]
[White "Islam Sh.Nour, Kassim"]
[Black "Shiferaw, Yalemzewde Mekonnen"]
[Result "0-1"]
[WhiteElo "1849"]
[BlackElo "1995"]
[PlyCount "23"]
[EventDate "2022.05.02"]
[EventRounds "9"]
[EventCountry "ETH"]

1. b4 e5 2. Bb2 Nc6 3. e3 d6 4. Bb5 Nf6 5. d4 exd4 6. Qxd4 Be7 7. Nc3 O-O 8.
Bxc6 bxc6 9. Nf3 c5 10. Qd3 a5 11. Ne4 Ba6 12. Qc3  0-1

[Event "2022 Zone 4.4 Individual Chess Championship(Open)"]
[Site "Addis Ababa"]
[Date "2022.05.03"]
[Round "3"]
[Board "13"]
[White "Moges, Flower Habtu"]
[Black "Haitham, Mohammed Abdalrasool"]
[Result "1/2-1/2"]
[WhiteElo "1836"]
[BlackElo "1982"]
[PlyCount "52"]
[EventDate "2022.05.02"]
[EventRounds "9"]
[EventCountry "ETH"]

1. d4 Nf6 2. c4 c6 3. Nc3 d5 4. cxd5 cxd5 5. Nf3 g6 6. g3 Bg7 7. Bg2 O-O 8. O-O
Nc6 9. Bf4 Nh5 10. Bg5 h6 11. Be3 e6 12. Rc1 f5 13. Qd2 Kh7 14. Bf4 Nxf4 15.
gxf4 Bf6 16. Na4 Bd7 17. b3 Rc8 18. Rc2 b6 19. e3 Ne7 20. Nb2 Rxc2 21. Qxc2 Qc8
22. Rc1 Qxc2 23. Rxc2 Rc8 24. Rxc8 Bxc8 25. Nd3 Nc6 26. Bf1 Be7  1/2-1/2

[Event "2022 Zone 4.4 Individual Chess Championship(Open)"]
[Site "Addis Ababa"]
[Date "2022.05.03"]
[Round "3"]
[Board "14"]
[White "Osman Dahir, Mahamed"]
[Black "Adebo, Muhaba Detamo"]
[Result "1-0"]
[WhiteElo "1824"]
[BlackElo "1979"]
[PlyCount "43"]
[EventDate "2022.05.02"]
[EventRounds "9"]
[EventCountry "ETH"]

{[%evp 0,12,16,28,27,-16,-11,5,0,21,18,14,37,37,33]} 1. d4 Nf6 2. c4 e6 3. Nc3
d5 4. e3 Nc6 5. Nf3 a6 6. a3 Bd7 7. Bd3 Be7 8. Bd2 h6 9. Ne5 Bd6 10. f4 dxc4
11. Bxc4 Na5 12. Ba2 Nc6 13. Qe2 Qe7 14. O-O h5 15. b4 g6 16. Bb3 Na7 17. Be1
Nb5 18. Qf3 Nxc3 19. Bxc3 O-O-O 20. a4 Nd5 21. Bxd5 exd5 22. Qxd5  1-0

[Event "2022 Zone 4.4 Individual Chess Championship(Open)"]
[Site "Addis Ababa"]
[Date "2022.05.03"]
[Round "3"]
[Board "15"]
[White "Kenea, Endale Mekonnen"]
[Black "Bulcha, Petros Olana"]
[Result "0-1"]
[WhiteElo "1772"]
[BlackElo "1965"]
[PlyCount "110"]
[EventDate "2022.05.02"]
[EventRounds "9"]
[EventCountry "ETH"]

1. e4 e5 2. Nf3 d6 3. Bc4 Nc6 4. a3 Be7 5. c3 Nf6 6. d3 h6 7. h3 O-O 8. O-O a6
9. Be3 b5 10. Ba2 Be6 11. Nbd2 Nh7 12. Nh2 Bxa2 13. Rxa2 f5 14. f4 exf4 15.
Bxf4 g5 16. Bg3 f4 17. Bf2 Qd7 18. Qg4 Qxg4 19. Nxg4 Kg7 20. d4 Nf6 21. Nxf6
Bxf6 22. Nf3 h5 23. d5 Ne5 24. Nd4 Rf7 25. Nf5+ Kg6 26. Bd4 Re8 27. b4 Nd7 28.
Re2 Bxd4+ 29. Nxd4 Ne5 30. a4 bxa4 31. Ra1 f3 32. gxf3 Nxf3+ 33. Kg2 Nxd4 34.
cxd4 Rf4 35. Rxa4 Rexe4 36. Rxe4 Rxe4 37. Rxa6 Rxd4 38. b5 Rxd5 39. b6 cxb6 40.
Rxb6 Kf5 41. Rb3 Ke4 42. Rb1 Rd3 43. Re1+ Re3 44. Rb1 d5 45. Rb5 h4 46. Ra5
Rg3+ 47. Kh2 d4 48. Ra4 Ke3 49. Ra3+ d3 50. Ra6 Ke2 51. Ra2+ d2 52. Ra1 d1=Q
53. Ra2+ Ke3 54. Ra3+ Kf4 55. Rf3+ Rxf3  0-1